000 01091nam a2200301 a 4500
001 ebr10033027
003 CaPaEBR
006 m u
007 cr cn|||||||||
008 020429s2002 enka sb 001 0 eng d
015 _aGBA2-Z9516
020 _z0727916637
040 _aCaPaEBR
_cCaPaEBR
035 _a(OCoLC)52939235
050 1 4 _aRC681
_b.E38 2002 v.2eb
082 0 4 _a616.12
_221
245 0 0 _aEducation in heart.
_nVolume 2
_h[electronic resource].
260 _aLondon :
_bBMJ,
_c2002.
300 _aix, 276 p. :
_bill. (some col.).
500 _aSeries editor: Peter Mills.
504 _aIncludes bibliographical references and index.
533 _aElectronic reproduction.
_bPalo Alto, Calif. :
_cebrary,
_d2013.
_nAvailable via World Wide Web.
_nAccess may be limited to ebrary affiliated libraries.
650 0 _aCardiology.
650 0 _aHeart
_xDiseases.
655 7 _aElectronic books.
_2local
710 2 _aebrary, Inc.
856 4 0 _uhttp://site.ebrary.com/lib/rucke/Doc?id=10033027
_zAn electronic book accessible through the World Wide Web; click to view
999 _c63184
_d63184